Directions in physics (Record no. 6069)

MARC details
000 -LEADER
fixed length control field 00605nam a2200181Ia 4500
003 - CONTROL NUMBER IDENTIFIER
control field IN-BaIIA
008 - FIXED-LENGTH DATA ELEMENTS--GENERAL INFORMATION
fixed length control field 211028s9999 xx 000 0 eng d
020 ## - INTERNATIONAL STANDARD BOOK NUMBER
International Standard Book Number 0-471-02997-1
040 ## - CATALOGING SOURCE
Transcribing agency IIA Library
080 ## - UNIVERSAL DECIMAL CLASSIFICATION NUMBER
Universal Decimal Classification number 530.1
Item number DIR
100 ## - MAIN ENTRY--PERSONAL NAME
Personal name Dirac, P. A. M
245 #0 - TITLE STATEMENT
Title Directions in physics
Remainder of title lectures delivered during a visit to Australia and Newzeland August/ Sept.ember 1975
Statement of responsibility, etc. P. A. M. Dirac
260 ## - PUBLICATION, DISTRIBUTION, ETC.
Place of publication, distribution, etc. New York
Name of publisher, distributor, etc. Wiley-Interscience
Date of publication, distribution, etc. 1978
300 ## - PHYSICAL DESCRIPTION
Extent ix, 95p.
650 ## - SUBJECT ADDED ENTRY--TOPICAL TERM
Topical term or geographic name entry element Astronomy and astrophysics thesaurus
650 ## - SUBJECT ADDED ENTRY--TOPICAL TERM
Topical term or geographic name entry element Physics
9 (RLIN) 73
942 ## - ADDED ENTRY ELEMENTS (KOHA)
Koha item type Books
952 ## - LOCATION AND ITEM INFORMATION (KOHA)
-- 12.95
Holdings
Withdrawn status Lost status Damaged status Not for loan Home library Current library Shelving location Date acquired Total Checkouts Full call number Barcode Date last seen Price effective from Koha item type
        IIA Library-Bangalore IIA Library-Bangalore General Stacks 30/11/1978   530.1/ DIR 6776 05/11/2021 30/11/1978 Books

Powered by Koha